LEADER 00728nam 2200169z- 450 001 9910690662203321 035 $a(CKB)5470000002339690 035 $a(EXLCZ)995470000002339690 100 $a20230503cuuuuuuuu -u- - 101 0 $aeng 200 00$aU.S. agriculture : grain fungus creates financial distress for North Dakota barley producers : report to the Honorable Byron L. Dorgan, U.S. Senate 210 $aWashington, D.C. (P.O. Box 37050, Washington, D.C. 20013) 517 $aU.S. agriculture 906 $aBOOK 912 $a9910690662203321 996 $aU.S. agriculture : grain fungus creates financial distress for North Dakota barley producers : report to the Honorable Byron L. Dorgan, U.S. Senate$93095539 997 $aUNINA